|
|
|
|
| LEADER |
01988nam a2200505 a 4500 |
| 001 |
nkc20122396036 |
| 003 |
CZ PrNK |
| 005 |
20260504121235.0 |
| 007 |
ta |
| 008 |
121107s2012 xr ac g 000 f cze |
| 015 |
|
|
|a cnb002396036
|
| 020 |
|
|
|a 978-80-7406-217-9
|q (váz.)
|
| 035 |
|
|
|a (OCoLC)820694052
|
| 040 |
|
|
|a ABA001
|b cze
|
| 041 |
1 |
|
|a cze
|h eng
|
| 072 |
|
7 |
|a 821.111-3
|x Anglická próza, anglicky psaná
|2 Konspekt
|9 25
|
| 080 |
|
|
|a 821.111-31
|2 MRF
|
| 080 |
|
|
|a 821.111(73)-31
|2 MRF
|
| 080 |
|
|
|a (0:82-31)
|2 MRF
|
| 080 |
|
|
|a (082.21)
|2 MRF
|
| 100 |
1 |
|
|a Montefiore, Santa,
|d 1970-
|7 xx0017084
|4 aut
|
| 245 |
1 |
0 |
|a Francouzský zahradník /
|c Santa Montefiore ; [z anglického originálu ... přeložila Hana Kušiaková Pafková]. Už žádná tajemství / Julie Corbinová ; [z anglického originálu ... přeložil Jiří Popel]. Klikařka / Kerry Reichsová ; [z anglického originálu ... přeložila Michala Marková]
|
| 250 |
|
|
|a Vyd. 2., V tomto souboru 1.
|
| 260 |
|
|
|a Praha :
|b Reader's Digest,
|c 2012
|
| 300 |
|
|
|a 557 s. :
|b il., portréty ;
|c 24 cm
|
| 655 |
|
7 |
|a anglické romány
|7 fd131814
|2 czenas
|
| 655 |
|
7 |
|a americké romány
|7 fd131796
|2 czenas
|
| 655 |
|
7 |
|a výbory
|7 fd133853
|2 czenas
|
| 655 |
|
9 |
|a English fiction
|2 eczenas
|
| 655 |
|
9 |
|a American fiction
|2 eczenas
|
| 655 |
|
9 |
|a selected works
|2 eczenas
|
| 700 |
1 |
2 |
|a Corbin, Julie.
|t Tell me no secrets.
|l Česky
|
| 700 |
1 |
2 |
|a Reichs, Kerry.
|t Leaving unknown.
|l Česky
|
| 700 |
1 |
|
|a Kušiaková Pafková, Hana,
|d 1970-
|7 xx0042570
|4 trl
|
| 700 |
1 |
|
|a Popel, Jiří,
|d 1955-
|7 ola2004231470
|4 trl
|
| 700 |
1 |
|
|a Marková, Michala,
|d 1974-
|7 mzk2005274842
|4 trl
|
| 740 |
0 |
2 |
|a Už žádná tajemství
|
| 740 |
0 |
2 |
|a Klikařka
|
| 765 |
0 |
|
|t French gardener
|9 Česky
|
| 910 |
2 |
|
|a BOA001
|b 2-1294.252
|
| 928 |
9 |
|
|a Reader's Digest Výběr
|
| 990 |
|
|
|a BK
|
| 995 |
|
|
|a 01
|
| 991 |
|
|
|b 201211
|e b
|
| 996 |
6 |
|
|b 2610528165
|c 2-1294.252
|l MZK
|r Sklad / do 1 hodiny
|n 0
|p p.v.
|w 001298137
|u 000010
|a 1
|e BOA001
|j MZK50
|s P
|